000 00565nam a2200157 i 4500
001 91470
003 ES-MaACL
005 20230906180729.0
007 t|
008 050131q19501959sp ||||1| spa d
245 0 3 _aLa nueva ley de arrendamientos rústicos
_b: explicada, comentada y concordada con las demás disposiciones sobre la materia /
_cEugenio Fernández Asiain.
260 _a[S.l. :
_bs.n.,
_c195-?] (
_fImp. El Pensamiento Navarro)
300 _a36 p. ;
_c17 cm.
700 1 _aFernández Asiain, Eugenio.
_949487
852 _aES-MaACL
_j1968-F-6
_bR.36632
999 _c91470
_d91470